000 01320nam a2200241 i 4500
003 AM-YeHGA
005 20250618074635.0
008 170303s2016 ai ||||fr|||||00||||arm||
020 _a9789939503325
040 _aAM-YeHGA
041 0 _aArmenian
100 1 _aՏիոյան, Սուսաննա Կարապետի,
_d1945-
_94067
245 1 0 _aՀայերենի տերմինագիտության հարցեր /
_cՍուսաննա Տիոյան ; ՀՀ գիտությունների ազգային ակադեմիա, Հ. Աճառյանի անվան լեզվի ինստիտուտ.
260 _aԵրևան :
_bԱսողիկ,
_c2016.
300 _a139 էջ ;
_c21 սմ.
504 _aՏողատակում՝ մատենագիտական ծանոթագրություններ: Մատենագիտություն՝ էջ 135-139 հայերեն և ռուսերեն:
504 _aՑանկեր՝ էջ 115-134:
650 1 4 _aՀայոց լեզու
_xՏերմինաբանություն
710 0 _aՀայաստանի Հանրապետություն :
_bԳիտությունների ազգային ակադեմիա :
_bՀրաչյա Աճառյանի անվան լեզվի ինստիտուտ
856 4 _uhttps://arar.sci.am/dlibra/publication/290568/edition/266789/content
_yԿարդալ առցանց
942 _2udc
_cBK
090 _c383111
999 _c381184
_d381184